000 00599nam a22001697a 4500
008 160928b xxu||||| |||| 00| 0 eng d
020 _a9712711463
082 _22001
_aDFil 700.92
_bH42
100 _915398
_aHermano, Ma. Alessandra
245 _aAt home with Filipino art and artists/
_cMa. Alessandra L. Hermano and Josephine L. Hermano
260 _aPasig City:
_bAnvil Publishing House,
_cc2001.
300 _a273 pages:
_bcolor illustrations;
_c29 cm.
650 0 _915399
_aFilipino artists
650 0 _915400
_aArts
_zPhilippines.
700 _915401
_aHermano, Josephine L.
942 _2ddc
_cDFIL
999 _c4884
_d4884